000 00503nam a2200133Ia 4500
005 20260209120136.0
008 260209s9999||||xx |||||||||||||| ||und||
100 _aSmriti Shukla
245 0 _aHumanitarian intervention under the united nations charter and the Syrian crisis : an analysis
260 _aBangaloreBangalore
_bNLSIU
_c2015
300 _a78 p. ; 25 cm.
700 _aProf. (Dr.) V Vijayakumar - GuideProf. (Dr.) V Vijayakumar - Guide
856 _uhttps://dans.nls.ac.in/handle/123456789/1696
999 _c217236
_d217236